Catalog

Record Details

Catalog Search



Pretty perfect Kitty-Corn / Shannon Hale & LeUyen ... Read More

Hale, Shannon,(author.).
Pham, LeUyen,(illustrator.).
Series: Kitty-corn

Available copies

  • 5 of 6 copies available at LARL/NWRL Consortium. (Show)
  • 4 of 4 copies available at Northwest Regional Library.

Current holds

0 current holds with 6 total copies.

Show Only Available Copies
Location Call Number / Copy Notes Barcode Shelving Location Status Due Date
Greenbush Public Library e HAL (Text) 35500006561383 Main Available -
Greenbush Public Library e HAL (Text) 35500006751729 Main Available -
Greenbush Public Library e HAL (Text) 35500006838237 Main Available -
Warroad Public Library e HAL (Text) 35500006830556 Main Available -

Record details

  • ISBN: 9781419750939
  • ISBN: 1419750933
  • ISBN: 9781339035369
  • Physical Description: 1 volume (unpaged) : color illustrations ; 31 cm.
  • Publisher: New York : Abrams Books for Young Readers, [2022]

Content descriptions

Summary, etc.:
Unicorn wants to be as perfect as everyone seems ... Read More
Target Audience Note:
Ages 4 to 8. Abrams Books for Young Readers.
Subject: Unicorns > Fiction.
Cats > Fiction.
Friendship > Fiction.
Perfection > Fiction.
Genre: Picture books.
LDR 01619cam a22004578i 4500
001385425
003LARL_NWRL_CONSORTIUM
00520241213165035.0
008210628s2022 nyu j 000 1 eng
010 . ‡a 2021029309
040 . ‡aDLC ‡beng ‡erda ‡cDLC ‡dOCLCO ‡dBDX ‡dOCLCF ‡dTOH
020 . ‡a9781419750939 ‡q(hardcover)
020 . ‡a1419750933
020 . ‡a9781339035369
020 . ‡z9781647001292 ‡q(ebook)
035 . ‡a(OCoLC)1260172936
042 . ‡apcc ‡alcac
08200. ‡a[E] ‡223
1001 . ‡aHale, Shannon, ‡eauthor. ‡0(LARL_NWRL_CONSORTIUM)133231
24510. ‡aPretty perfect Kitty-Corn / ‡cShannon Hale & LeUyen Pham.
264 1. ‡aNew York : ‡bAbrams Books for Young Readers, ‡c[2022]
300 . ‡a1 volume (unpaged) : ‡bcolor illustrations ; ‡c31 cm.
336 . ‡atext ‡btxt ‡2rdacontent
336 . ‡astill image ‡bsti ‡2rdacontent
337 . ‡aunmediated ‡bn ‡2rdamedia
338 . ‡avolume ‡bnc ‡2rdacarrier
4900 . ‡aKitty-corn
521 . ‡aAges 4 to 8. ‡bAbrams Books for Young Readers.
520 . ‡aUnicorn wants to be as perfect as everyone seems to think he is, so when he embarrasses himself in front of Kitty he is afraid Kitty will no longer want to be friends with a not-so-perfect Unicorn.
650 1. ‡aUnicorns ‡vFiction.
650 1. ‡aCats ‡vFiction. ‡0(LARL_NWRL_CONSORTIUM)164102
650 1. ‡aFriendship ‡vFiction. ‡0(LARL_NWRL_CONSORTIUM)164944
650 1. ‡aPerfection ‡vFiction.
655 7. ‡aPicture books. ‡2lcgft
7001 . ‡aPham, LeUyen, ‡eillustrator. ‡0(LARL_NWRL_CONSORTIUM)123378
905 . ‡uvanderl
901 . ‡a385425 ‡b ‡c385425 ‡tbiblio ‡soclc

Additional Resources